Vztah salda veřejných financí a hospodářského cyklu na příkladu evropských zemí OECD

Hospodárske cykly vo vzťahu k rozpočtu. Nástroje a problémy fiškálnej politiky. Prípadová štúdia: Vzťah salda verejných financií a hospodárskeho cyklu v európskych krajinách OECD.

Gespeichert in:
Bibliographische Detailangaben
1. Verfasser: Straková, Eliška
Weitere Verfasser: Sankot, Ondřej
Format: Buchkapitel
Sprache:Tschechisch
Schlagworte:
Tags: Tag hinzufügen
Keine Tags, Fügen Sie das erste Tag hinzu!

MARC

LEADER 00000naa a2200000 4500
001 0243939
005 20220713131400.2
041 0 |a cze 
044 |a CZ 
245 1 0 |a Vztah salda veřejných financí a hospodářského cyklu na příkladu evropských zemí OECD  |c Eliška Straková, Ondřej Sankot 
520 |a Hospodárske cykly vo vzťahu k rozpočtu. Nástroje a problémy fiškálnej politiky. Prípadová štúdia: Vzťah salda verejných financií a hospodárskeho cyklu v európskych krajinách OECD. 
610 2 0 |a cykly hospodárske 
610 2 0 |a financie verejné 
610 2 0 |a krajiny vyspelé 
610 2 0 |a Európa 
610 2 0 |a rozpočet spoločný 
610 2 0 |a rozpočet štátny 
100 1 |a Straková, Eliška 
700 1 |a Sankot, Ondřej